00206nam a2200085Ia 4500008004100000245003900041260002200080440000600102521001200108140130s9999 xx 000 0 und d cJonathan LondonaLet's Go, Froggy! bScholastic,c1994 v1 aGrade 1